000 00260nam a22001097a 4500
008 170126b xxu||||| |||| 00| 0 eng d
020 _a9780131134799
041 _aeng
080 _28TH
_a61
245 _aMEDICAL DOSAGE CALCULATIONS
_cOLSEN, J.L
942 _2udc
_cBK
999 _c3778
_d3778